Victorian years, 1841-1895 / (Record no. 24656)
[ view plain ]
| 000 -LEADER | |
|---|---|
| fixed length control field | 01496cam a2200301 i 4500 |
| 001 - CONTROL NUMBER | |
| control field | 24656 |
| 003 - CONTROL NUMBER IDENTIFIER | |
| rucl marc code | BD-RjUL |
| 005 - DATE AND TIME OF LATEST TRANSACTION | |
| control field | 20211209001059.0 |
| 008 - FIXED-LENGTH DATA ELEMENTS--GENERAL INFORMATION | |
| fixed length control field | 140315s1951 nyu b 001 0 eng d |
| 035 ## - SYSTEM CONTROL NUMBER | |
| System control number | (BD-RjUL)24725 |
| 040 ## - CATALOGING SOURCE | |
| Original cataloging agency | PCP |
| Language of cataloging | eng |
| Description conventions | rda |
| Transcribing agency | PCP |
| Modifying agency | OCLCQ |
| -- | OCLCG |
| -- | OCLCQ |
| -- | UkOxU |
| -- | BD-RjUL |
| 041 1# - LANGUAGE CODE | |
| Language code of original | fre |
| -- | fre |
| Language code of text/sound track or separate title | eng |
| 082 04 - DEWEY DECIMAL CLASSIFICATION NUMBER | |
| Classification number | 914.2 |
| Author mark and year | HAV |
| 100 ## - MAIN ENTRY--PERSONAL NAME | |
| Personal name | Halevy, Elie |
| 9 (RLIN) | 75876 |
| 245 00 - TITLE STATEMENT | |
| Title | Victorian years, 1841-1895 / |
| Statement of responsibility, etc. | by Elie Halévy ; with a supplementary section by R.B. McCallum ; incorporating The age of Peel and Cobden translated from the French by E.I. Watkin. |
| 246 3# - VARYING FORM OF TITLE | |
| Title proper/short title | Age of Peel and Cobden |
| 260 ## - PUBLICATION, DISTRIBUTION, ETC. (IMPRINT) | |
| Place of publication, distribution, etc. | London : |
| Name of publisher, distributor, etc. | Renest Benn Limited, |
| Date of publication, distribution, etc. | 1951. |
| 300 ## - PHYSICAL DESCRIPTION | |
| Pagination | viii, 507 pages ; |
| Size | 23 cm |
| 490 1# - SERIES STATEMENT | |
| Series statement | A history of the English people in the nineteenth century ; |
| Volume/sequential designation | IV |
| 500 ## - GENERAL NOTE | |
| General note | "The present book ... contains in Part I a reprint of The age of Peel and Cobden and in Part II Mr. R.B. McCallum's essay and chronological table ..."--page v. |
| General note | Part I is a translation of: Le milieu du siècle (1841-1852), v. 4 of the author's Histoire du peuple anglais au XIXe siècle. |
| 504 ## - BIBLIOGRAPHY, ETC. NOTE | |
| Bibliography, etc | Includes bibliographical references and index. |
| 651 #0 - SUBJECT ADDED ENTRY--GEOGRAPHIC NAME | |
| Geographic name | Great Britain |
| General subdivision | History |
| Chronological subdivision | Victoria, 1837-1901. |
| 9 (RLIN) | 75877 |
| Geographic name | Great Britain |
| General subdivision | Politics and government |
| Chronological subdivision | 1837-1901. |
| 9 (RLIN) | 10732 |
| 700 1# - ADDED ENTRY--PERSONAL NAME | |
| Personal name | McCallum, R. B. |
| Fuller form of name | (Ronald B.), |
| Dates associated with a name | 1898- |
| Personal name | Halévy, Elie, |
| Dates associated with a name | 1870-1937. |
| 942 ## - ADDED ENTRY ELEMENTS (KOHA) | |
| Source of classification or shelving scheme | Dewey Decimal Classification |
| Koha item type | Books |
| Lost status | Source of classification or shelving scheme | Damaged status | Not for loan | Collection code | Permanent Location | Current Location | Shelving location | Date acquired | Source of acquisition | Cost, normal purchase price | Total Checkouts | Full call number | Date last seen | Copy number | Koha item type |
|---|---|---|---|---|---|---|---|---|---|---|---|---|---|---|---|
| Dewey Decimal Classification | Added to bundle | Non-fiction | Central Library, University of Rajshahi | Central Library, University of Rajshahi | Reading Room | 03/02/1961 | proviacial book shop | 18.75 | 914.2 HAV 1951 | 15/03/2014 | C-1 | Books |